Statistics for Top Ten Pitcher ERA by Year Since 2010

Click here to take the quiz!

General Stats

  • This quiz has been taken 7 times
  • The average score is 55 of 120

Answer Stats

YearERAPitcher% Correct
20131.83Clayton Kershaw
100%
20152.13Clayton Kershaw
100%
20172.31Clayton Kershaw
100%
20122.53Clayton Kershaw
100%
20193.03Clayton Kershaw
100%
20141.77Clayton Kershaw
100%
20112.28Clayton Kershaw
100%
20182.88Gerrit Cole
100%
20192.50Gerrit Cole
100%
20152.60Gerrit Cole
100%
20152.55Jacob Degrom
100%
20202.38Jacob Degrom
100%
20192.43Jacob Degrom
100%
20181.70Jacob Degrom
100%
20192.58Justin Verlander
100%
20182.52Justin Verlander
100%
20122.64Justin Verlander
100%
20112.40Justin Verlander
100%
20102.30Josh Johnson
83%
20132.77Madison Bumgarner
83%
20162.74Madison Bumgarner
83%
20162.96Max Scherzer
83%
20212.46Max Scherzer
83%
20172.51Max Scherzer
83%
20192.93Max Scherzer
83%
20182.53Max Scherzer
83%
20162.60Noah Syndergaard
83%
20172.89Robbie Ray
83%
20212.84Robbie Ray
83%
20142.44Corey Kluber
67%
20172.25Corey Kluber
67%
20122.56David Price
67%
20102.72David Price
67%
20152.45David Price
67%
20151.77Jake Arrieta
67%
20172.52Stephen Strasburg
67%
20201.73Trevor Bauer
67%
20182.21Trevor Bauer
67%
20212.47Walker Buehler
67%
20212.78Zack Wheeler
67%
20163.00Aaron Sanchez
50%
20142.38Adam Wainwright
50%
20102.42Adam Wainwright
50%
20132.57Anibal Sanchez
50%
20181.89Blake Snell
50%
20212.56Brandon Woodruff
50%
20163.04Carlos Martinez
50%
20172.90Chris Sale
50%
20142.17Chris Sale
50%
20212.43Corbin Burnes
50%
20102.27Felix Hernandez
50%
20142.14Felix Hernandez
50%
20192.32Hyun Jin Ryu
50%
20202.69Hyun Jin Ryu
50%
20132.19Jose Fernandez
50%
20162.86Jose Fernandez
50%
20212.81Kevin Gausman
50%
20152.71Matt Harvey
50%
20132.27Matt Harvey
50%
20102.44Roy Halladay
50%
20112.35Roy Halladay
50%
20201.63Shane Bieber
50%
20192.88Sonny Gray
50%
20152.73Sonny Gray
50%
20202.01Yu Darvish
50%
20132.83Yu Darvish
50%
20132.63Zack Grienke
50%
20151.66Zack Grienke
50%
20173.20Zack Grienke
50%
20182.37Aaron Nola
33%
20132.65Bartolo Colon
33%
20112.39Cliff Lee
33%
20132.87Cliff Lee
33%
20152.48Dallas Keuchel
33%
20201.99Dallas Keuchel
33%
20192.75Jack Flaherty
33%
20122.78Johnny Cueto
33%
20142.25Johnny Cueto
33%
20162.79Johnny Cueto
33%
20142.458Jon Lester
33%
20162.44Jon Lester
33%
20213.04Max Fried
33%
20193.05Charlie Morton
17%
20202.29Chris Bassitt
17%
20102.33Clay Buchholz
17%
20112.79Cole Hamels
17%
20142.463Cole Hamels
17%
20132.66Hisashi Iwakuma
17%
20152.77John Lackey
17%
20212.96Julio Urias
17%
20162.13Kyle Hendricks
17%
20122.74R.A. Dickey
17%
20102.84R.A. Dickey
17%
20202.73Zach Davies
17%
20202.09Dinelson Lamet
0%
20142.42Doug Fister
0%
20112.83Doug Fister
0%
20142.62Garrett Richards
0%
20122.89Gio Gonzalez
0%
20172.96Gio Gonzalez
0%
20102.70Jaime Garcia
0%
20112.82James Shields
0%
20122.81Jered Weaver
0%
20112.41Jered Weaver
0%
20122.94Jordan Zimmerman
0%
20202.70Kenta Maeda
0%
20182.847Kyle Freeland
0%
20122.86Kyle Lohse
0%
20172.98Luis Severino
0%
20173.09Marcus Stroman
0%
20213.02Marcus Stroman
0%
20122.79Matt Cain
0%
20182.852Mike Foltynewicz
0%
20192.68Mike Soroka
0%
20182.83Miles Mikolas
0%
20102.76Roy Oswalt
0%
20112.71Ryan Vogelsong
0%
20162.83Tanner Roark
0%
20102.83Tim Hudson
0%
20112.74Tim Lincecum
0%

Score Distribution

Percentile by Number Answered

Percent of People with Each Score

Your Score History

You have not taken this quiz